Catálogo
 En Linea

La democracia en euzkadi : (Registro nro. 34033)

Detalles MARC
000 -CABECERA
campo de control de longitud fija 00721nam a2200217 a 4500
001 - NÚMERO DE CONTROL
campo de control 000034542
005 - FECHA Y HORA DE LA ÚLTIMA TRANSACCIÓN
campo de control 20200930073745.0
008 - DATOS DE LONGITUD FIJA--INFORMACIÓN GENERAL
campo de control de longitud fija 111006s1942 ag 000 0 spa d
040 ## - FUENTE DE LA CATALOGACIÓN
Centro catalogador/agencia de origen DO-SdBNP
Lengua de catalogación spa
Centro/agencia transcriptor BNPHU
082 ## - NÚMERO DE LA CLASIFICACIÓN DECIMAL DEWEY
Número de clasificación xxx
Número de documento/Ítem A719d
049 ## - FONDOS LOCALES (OCLC)
Fondos de biblioteca BNGR
100 1# - ENTRADA PRINCIPAL--NOMBRE DE PERSONA
Nombre de persona Ariztimuño, José De,
9 (RLIN) 59977
245 13 - MENCIÓN DE TÍTULO
Título La democracia en euzkadi :
Resto del título ensayo histórico jurídico /
Mención de responsabilidad, etc. José de Ariztimuño.
260 ## - PUBLICACIÓN, DISTRIBUCIÓN, ETC.
Lugar de publicación, distribución, etc. Buenos Aires :
Nombre del editor, distribuidor, etc. Vasca Ekin,
Fecha de publicación, distribución, etc. 1942.
300 ## - DESCRIPCIÓN FÍSICA
Extensión 302 p. ;
Dimensiones 18 cm.
490 1# - MENCIÓN DE SERIE
Mención de serie Biblioteca de Cultura Vasca
490 1# - MENCIÓN DE SERIE
Mención de serie Belgrano;
Designación de volumen o secuencia 1141
504 ## - NOTA DE BIBLIOGRAFÍA, ETC.
Nota de bibliografía, etc. Incluye referencias bibliográficas y notas al pie de las páginas.
830 #0 - PUNTO DE ACCESO ADICIONAL DE SERIE-TÍTULO UNIFORME
Título uniforme Biblioteca de Cultura Vasca
9 (RLIN) 59978
830 #0 - PUNTO DE ACCESO ADICIONAL DE SERIE-TÍTULO UNIFORME
Título uniforme Belgrano;
Designación de volumen o secuencia 1141
9 (RLIN) 59979
Existencias
Estado de retiro Estado de pérdida Restricciones de uso No para préstamo Código de colección Localización permanente Ubicación/localización actual Ubicación en estantería Fecha de adquisición Número de inventario Total de préstamos Signatura topográfica completa Código de barras Fecha visto por última vez Precio válido a partir de Tipo de ítem Koha
      Excluido de préstamo Monografías: Libros y Folletos General General En catalogación 06.10.2011 LF1   xxx A719d 34542-10 25.06.2020 25.06.2020 No se presta

Con tecnología Koha